Score 0/6 Timer 00:30
0 Plays Today
% Correct
Iran
96.9%
Kuwait
81.1%
Syria
79.9%
Saudi Arabia
74.1%
Jordan
69.9%
Turkey
67.8%

Today's Daily Dose

You're not logged in!

Compare scores with friends on all Sporcle quizzes.
OR
Log In

From the Vault

Follow That Line: Jesus

by LTH

'Blessed are the cheesemakers'... oh wait, that was from Life of Brian.
Remove Ads.
Support Sporcle.
Get the best of Sporcle when you Go Orange. This ad-free experience offers more features, more stats, and more fun while also helping to support Sporcle. Thank you for becoming a member.

Show Comments

Extras

Top Quizzes Today


Score Distribution

Your Account Isn't Verified!

In order to create a playlist on Sporcle, you need to verify the email address you used during registration. Go to your Sporcle Settings to finish the process.

Report this User

Report this user for behavior that violates our Community Guidelines.

Details: